| 000 | 01141cam a2200253 4500 | ||
|---|---|---|---|
| 008 | 030331n2003 000 0 eng u | ||
| 020 | _a0727732110 | ||
| 035 | _a(Sirsi) u121802 | ||
| 041 | _aeng. | ||
| 050 |
_a658.99 _c18 |
||
| 100 | _aHowes, Rodney | ||
| 245 | _aStrategic management applied to international construction | ||
| 260 |
_aLondon _bThomas Telford _c2003 |
||
| 300 |
_a276p. _bill. _c25cm. |
||
| 350 | _a19.95 | ||
| 520 | _aReviews strategies for international management of all aspects relating to construction. Provides coverage of the knowledge required to address strategic issues related to the business of construction on a global scale. Includes case studies of the world's leading consultants, contractors and suppliers of products, materials and construction equipment, to demonstrate current best practice by American, Japanese and European organisations. | ||
| 650 | _aCONSTRUCTION INDUSTRY | ||
| 650 | _aGLOBAL CONSTRUCTION | ||
| 650 | _aINTERNATIONAL CONSTRUCTION | ||
| 650 | _aSTRATEGIC MANAGEMENT | ||
| 690 | _aBUILDING AND CONSTRUCTION-MANAGEMENT | ||
| 700 | _aTah, Joseph H. M. | ||
| 942 | _n0 | ||
| 999 |
_c102743 _d102743 |
||